LEADER 01081nam a2200265 i 4500 001 000000142259 003 CaOOAMICUS 005 20070129000000.0 008 070129s1970 it u000 u ita u 013 $a117564 040 $aSeMil$bita 100 1 $aSummerson, John.$0(OLS)http://semarc/name/51587 240 14$aThe Classical Language of Architecture.$0(OLS)http://semarc/title/207987 245 13$aIl linguaggio classico dell'architettura /$cJohn Summerson. 260 $aTorino :$bEinaudi,$ccopyr. 1970. 300 $a101 p., 66 p. di tav. ;$c18 cm. 490 0 $aPiccola biblioteca Einaudi ;$v132 500 $aContiene : Note bibliografiche. - Fondo Ciprandi. 830 0$aPiccola biblioteca Einaudi ;$v132.$0(OLS)http://semarc/title/11221 850 $aSeMil 852 $aSeMil$W1$xVenegono$y1$m5M I 21$j95433$B95433$CSeMilBibl$Z2$F119313 $81 941 1 $a1 961 $aOmaggio: Ciprandi dott. Paolo 996 $6245$aIl linguaggio classico dell'architettura$9(OLS)http://semarc/title/207986 996 $6260$aTorino :$bEinaudi$9(OLS)http://semarc/publisher/29884 LEADER 00907nam a2200229 i 4500 001 000000228482 003 CaOOAMICUS 005 20140331000000.0 008 140331s2014 it u000 u ita u 013 $a207384 040 $aSeMil$bita 100 1 $aLuzi, Mario,$d<1914-2005>.$0(OLS)http://semarc/name/1555 245 13$aLa passione di Cristo /$cMario Luzi ; a cura di Paolo Andrea Mettel. 260 $a[S.l.] :$bMetteliana,$c2014. 300 $a77 p. :$bill. ;$c24 cm. 650 4$aVia Crucis - Testi.$0(OLS)http://semarc/subject/7737 700 1 $aMettel, Paolo Andrea.$0(OLS)http://semarc/name/43059 850 $aSeMil 852 $aSeMil$W1$xVenegono$y1$m1A IV 46$j178828$B178828$CSeMilBibl$Z2$F189913 $81 961 $aOmaggio: Ballarini mons. Marco 996 $6245$aLa passione di Cristo$9(OLS)http://semarc/title/219978 996 $6260$a[S.l.] :$bMetteliana$9(OLS)http://semarc/publisher/50917